000 00786cam a2200229 a 4500
001 000006650
005 20200929153950.0
008 860416s1973 ve b 000 0 spa
010 _a83197631
020 _a8466000615
020 _a8466000607 (pbk.)
040 _aDO-SdBNP
_bspa
_cBNPHU
082 _axxxx
_bC972s
100 1 _aCunha, Euclides da,
_d1866-1909.
_918485
245 1 4 _aLos sertones /
_cEuclides da Cunha ; prologo, notas y cronologia, Glauber Rocha.
260 _aCaracas, Venezuela :
_bCasa de Las Américas,
_c1973.
300 _axiv, 747 p. ;
_c19 cm.
490 1 _aLiteratura Latinoamericana
504 _aIncluye referencias bibliográficas y notas al pie de las páginas
700 1 _aRocha, Glauber,
_epról.
_918486
830 0 _aLiteratura Latinoamericana
_9500
999 _c6440
_d6440